Score 0/187 Timer 08:00
18 Plays Today
% Correct
a
97%
a
97%
a
97%
a
97%
a
97%
a
97%
the
94%
the
94%
The
94%
the
94%
The
94%
the
94%
the
94%
The
94%
the
94%
The
94%
the
94%
the
94%
The
94%
the
94%
The
94%
the
94%
you
89.5%
be
78%
is
76.8%
is
76.8%
is
76.8%
is
76.8%
is
76.8%
is
76.8%
is
76.8%
he
76.3%
he
76.3%
he
76.3%
he
76.3%
and
76.2%
and
76.3%
and
76.2%
and
76.2%
and
76.2%
and
76.2%
and
76.2%
and
76.2%
can
74.5%
can
74.5%
can
74.5%
can
74.5%
can
74.5%
in
73.8%
in
73.8%
in
73.8%
in
73.8%
in
73.8%
in
73.8%
in
73.8%
to
71.8%
to
71.8%
it
67.3%
it
67.3%
she
63.7%
my
57.1%
my
57.1%
my
57.1%
% Correct
How
56.8%
How
56.8%
how
56.8%
how
56.8%
how
56.8%
how
56.8%
how
56.8%
how
56.8%
how
56.8%
man
51.9%
man?
51.9%
man
51.9%
man
51.9%
man
51.9%
will
48.7%
him
47.3%
see?
44%
see
44%
down,
42.9%
that
42.7%
that
42.7%
many
40.8%
many
40.8%
many
40.8%
many
40.8%
many
40.8%
many
40.8%
many
40.8%
many
40.8%
many
40.8%
many
40.8%
call
38.4%
one
38.3%
too
38.3%
before
38.2%
before
38.2%
before
38.2%
before
38.2%
before
38.2%
before
38.2%
before
38.2%
must
38.1%
must
38.1%
must
38.1%
must
38.1%
must
38.1%
walk
37.3%
have,
36.8%
have
36.8%
friend
35.9%
friend
35.9%
friend
35.9%
wind.
35.8%
wind.
35.8%
wind.
35.8%
wind.
35.8%
wind.
35.8%
wind.
35.8%
answer
33.9%
answer
33.9%
answer
33.9%
answer
33.9%
answer
33.9%
% Correct
answer
33.9%
blowin'
33.8%
blowin'
33.8%
blowin'
33.8%
blowin'
33.8%
blowin'
33.8%
blowin'
33.8%
Yes,
32.9%
Yes,
32.9%
Yes,
32.9%
Yes,
32.9%
Yes,
32.9%
Yes,
32.9%
Yes,
32.9%
roads
32.1%
up,
31.2%
times
30.9%
times
30.9%
times
30.9%
hear
30.3%
his
29.6%
just
28.5%
some
27.7%
take
24.4%
they're
23.8%
they're
23.8%
people
23.5%
people
23.5%
people
23.5%
look
21.5%
sea?
20.2%
sky?
19.4%
fly,
18.3%
doesn't
18.1%
sand?
17.9%
white
17.9%
years
17.3%
years
17.3%
free?
16.9%
dove
16.3%
cry?
15.2%
forever
15.2%
cannon
14.4%
sail,
14.4%
sleeps
13.6%
knows,
13.5%
seas
13.2%
head,
12.9%
balls
12.7%
exist,
12%
exist,
12%
banned?
11.7%
allowed
11.4%
turn
11.2%
died?
11.1%
mountain
11%
til
10.1%
washed
9.8%
pretend
9.6%
ears
8.1%
deaths
7.8%
Come Together.
Have Fun.
All Virtual.
We all need to come together. Play Sporcle's virtual live trivia to have fun, connect with people, and get your trivia on. Join a live hosted trivia game for your favorite pub trivia experience done virtually. If a virtual private party is more your thing, go here for details.

You're not logged in!

Compare scores with friends on all Sporcle quizzes.
OR
Log In

Sporcle TV

Today on Sporcle TV


Watch our educational content, quiz creation guides, and fun videos on Sporcle TV.

Show Comments

Extras

Top Quizzes Today


Score Distribution

Paid Content

Your Account Isn't Verified!

In order to create a playlist on Sporcle, you need to verify the email address you used during registration. Go to your Sporcle Settings to finish the process.

Report this User

Report this user for behavior that violates our Community Guidelines.

Details: